000 00305nam a22001337a 4500
020 _a81-7473-062-1
041 _aENG
100 _aGriffin R.W
245 _aManagement Griffin
_c5th ED
260 _aDelhi
_bA.I.T.B.S. Publishers & Distributors
_c1998
300 _a764
650 _aGAE
856 _uGAE
999 _c544
_d544